UM Logo

Taxpayers satisfaction on the bureau of internal revenue (BIR) services / (Record no. 22235)

MARC details
000 -LEADER
fixed length control field 00814nam a22002057a 4500
003 - CONTROL NUMBER IDENTIFIER
control field OSt
005 - DATE AND TIME OF LATEST TRANSACTION
control field 20250211160948.0
008 - FIXED-LENGTH DATA ELEMENTS--GENERAL INFORMATION
fixed length control field 241004b |||||||| |||| 00| 0 eng d
040 ## - CATALOGING SOURCE
Transcribing agency 0
100 ## - MAIN ENTRY--PERSONAL NAME
Personal name Gallardo, Unique.
Relator term author.
9 (RLIN) 62294
245 ## - TITLE STATEMENT
Title Taxpayers satisfaction on the bureau of internal revenue (BIR) services /
Statement of responsibility, etc. Unique Gallardo, Rcahelle Lausa, Maria Pricilla Robles, and Jess Anthony N. Casagan.
260 ## - PUBLICATION, DISTRIBUTION, ETC. (IMPRINT)
Place of publication, distribution, etc. Philippines ;
Name of publisher, distributor, etc. University of Mindanao,
Date of publication, distribution, etc. 2022.
300 ## - PHYSICAL DESCRIPTION
Extent volume 14, pages 44-66,
Other physical details illustration.
500 ## - GENERAL NOTE
General note Research Journal, v. 14, iss. 1, pages 44-66, 2022.
700 ## - ADDED ENTRY--PERSONAL NAME
Personal name Gallardo, Unique.
9 (RLIN) 57461
700 ## - ADDED ENTRY--PERSONAL NAME
Personal name Lausa, Rcahelle.
Relator term author.
9 (RLIN) 64979
700 ## - ADDED ENTRY--PERSONAL NAME
Personal name Robles, Maria Pricilla.
Relator term author.
9 (RLIN) 64980
700 ## - ADDED ENTRY--PERSONAL NAME
Personal name Casagan, Jess Anthony N.
Relator term author.
9 (RLIN) 64981
942 ## - ADDED ENTRY ELEMENTS (KOHA)
Source of classification or shelving scheme Dewey Decimal Classification
Koha item type Periodicals
Holdings
Withdrawn status Lost status Source of classification or shelving scheme Damaged status Not for loan Collection code Home library Current library Date acquired Total Checkouts Date last seen Price effective from Koha item type Public note
    Dewey Decimal Classification     Periodicals UM Digos College - LIC UM Digos College - LIC 10/04/2024   10/04/2024 10/04/2024 Periodicals Periodical Article